000 01874nam a2200325Ia 4500
001 ebr10135633
003 CaPaEBR
006 m u
007 cr cn|||||||||
008 050509s2006 nyu sb 001 0 eng d
010 _z 2005048703
020 _z1403977216
020 _z1403963924
040 _aCaPaEBR
_cCaPaEBR
035 _a(OCoLC)123538070
050 1 4 _aJK1965
_b.S25 2006eb
082 0 4 _a324.6/5/0973
_222
100 1 _aSaltman, Roy G.
245 1 4 _aThe history and politics of voting technology
_h[electronic resource] :
_bin quest of integrity and public confidence /
_cby Roy G. Saltman.
260 _aNew York :
_bPalgrave Macmillan,
_c2006.
300 _axv, 240 p.
504 _aIncludes bibliographical references and index.
505 0 _a1. The 2000 presidential election in Florida : the family secret is exposed -- 2. From the revolution to the Civil War : consent of the governed and the election clause -- 3. The late nineteenth centaury : struggling with corruption and fraud -- 4. The late nineteenth and early twentieth centuries : mechanization and political reforms -- 5. The middle and late twentieth centaury : movements for equality, enfranchisement, and voting facilitation -- 6. The middle and late twentieth century : election administration and computing technology -- 7. The great awakening after Florida, through July 2005.
533 _aElectronic reproduction.
_bPalo Alto, Calif. :
_cebrary,
_d2007.
_nAvailable via World Wide Web.
_nAccess may be limited to ebrary affiliated libraries.
650 0 _aVoting
_zUnited States
_xHistory.
650 0 _aVoting
_xTechnological innovations
_zUnited States
_xHistory.
655 7 _aElectronic books.
_2local
710 2 _aebrary, Inc.
856 4 0 _uhttp://site.ebrary.com/lib/rucke/Doc?id=10135633
_zAn electronic book accessible through the World Wide Web; click to view
999 _c87550
_d87550